An Introduction To Industrial Economics (Record no. 89828)

MARC details
000 -LEADER
fixed length control field 00348pam a2200145 a 4500
020 ## - INTERNATIONAL STANDARD BOOK NUMBER
Terms of availability
041 ## - LANGUAGE CODE
Language code of text/sound track or separate title eng
082 ## - DEWEY DECIMAL CLASSIFICATION NUMBER
Item number DEV
100 ## - MAIN ENTRY--PERSONAL NAME
Personal name Devine P.J.
245 ## - TITLE STATEMENT
Title An Introduction To Industrial Economics
Medium Textual Documents
260 ## - PUBLICATION, DISTRIBUTION, ETC.
Place of publication, distribution, etc. [s.l]:
Name of publisher, distributor, etc. George Allens & Union
300 ## - PHYSICAL DESCRIPTION
Extent 502pg.
700 ## - ADDED ENTRY--PERSONAL NAME
Personal name Lee N. Jones.
-- Tyson W.J.
930 ## - EQUIVALENCE OR CROSS-REFERENCE-UNIFORM TITLE HEADING [LOCAL, CANADA]
Uniform title 12926
Holdings
Withdrawn status Lost status Damaged status Not for loan Collection Home library Current library Date acquired Source of acquisition Cost, normal purchase price Total Checkouts Full call number Barcode Date last seen Copy number Price effective from Koha item type
          Yashwantrao Mohite College of Arts, Science And Commerce, Pune Yashwantrao Mohite College of Arts, Science And Commerce, Pune 05/07/2021 Varma Book Centeer 145.00   DEV YMP-50173 24/02/2023 2 24/02/2023 Book
          Yashwantrao Mohite College of Arts, Science And Commerce, Pune Yashwantrao Mohite College of Arts, Science And Commerce, Pune 05/07/2021 Varma Book Centeer 145.00   DEV YMP-50172 24/02/2023 1 24/02/2023 Book